| Tag |
First Indicator |
Second Indicator |
Subfields |
| LEADER |
00000cam a2200000 a 4500 |
| 001 |
in00000950556 |
| 005 |
20150926131400.0 |
| 007 |
hd afv|||baca |
| 008 |
851010s1660 miu a 00000 eng d |
| 035 |
|
|
|a (OCoLC)12656727
|
| 035 |
|
|
|9 AET7210AM
|
| 037 |
|
|
|a CL0037000032
|b UMI
|
| 037 |
|
|
|b University Microfilms International, 300 N. Zeeb Rd., Ann Arbor, MI 48106
|
| 040 |
|
|
|a EAA
|c EAA
|d m/c
|d UtOrBLW
|
| 043 |
|
|
|a e-uk---
|
| 049 |
|
|
|a TXAI
|
| 099 |
|
|
|a film
|a B
|a 3609
|
| 100 |
1 |
|
|a Bonde, Cimelgus.
|
| 245 |
1 |
0 |
|a Scutum regale :
|b The royal buckler, or, Vox legis, a lecture to traytors, who most wickedly murthered Charles the I and contrary to all laws and religion banished Charles the II Monarch of Great Britain, &c.
|
| 264 |
|
1 |
|a London :
|b [publisher not identified],
|c 1660.
|
| 300 |
|
|
|a 20 unnumbered pages, 394 pages, 20 unnumbered pages
|
| 336 |
|
|
|a text
|b txt
|2 rdacontent
|
| 337 |
|
|
|a microform
|b h
|2 rdamedia
|
| 338 |
|
|
|a microfilm reel
|b hd
|2 rdacarrier
|
| 500 |
|
|
|a Reproduction of original in Cambridge University Library.
|
| 500 |
|
|
|a Attributed to Cimelgus Bonde. cf. NUC pre-1956.
|
| 500 |
|
|
|a Errata: pages [12]-[14].
|
| 510 |
4 |
|
|a Wing
|c B3557
|
| 533 |
|
|
|a Microfilm.
|b Ann Arbor, Mich. :
|c University Microfilms International,
|d 1979.
|e 1 microfilm reel ; 35 mm.
|f (Early English books, 1641-1700 ; 976:2)
|
| 500 |
|
|
|a Microform.
|
| 651 |
|
0 |
|a Great Britain
|x Kings and rulers.
|
| 650 |
|
0 |
|a Divine right of kings.
|
| 600 |
0 |
0 |
|a Charles
|b I,
|c King of England,
|d 1600-1649.
|
| 740 |
4 |
|
|a The royal buckler.
|
| 740 |
0 |
|
|a Vox legis, a lecture to traytors.
|
| 830 |
|
0 |
|a Early English books, 1641-1700 ;
|v 976:2.
|
| 999 |
|
|
|a MARS
|
| 999 |
f |
f |
|s 5aea42bd-9b9a-30fd-939b-54a768e19864
|i 66c39590-afff-3052-baa5-514685c983f4
|t 0
|
| 952 |
f |
f |
|p default
|a Texas A&M University
|b College Station
|c Sterling C. Evans Library
|d Evans: Microforms (3rd floor)
|t 0
|e film B 3609 976:2
|h Other scheme
|i microform -- microfilm reel
|
| 998 |
f |
f |
|a film B 3609 976:2
|t 0
|l Evans: Microforms (3rd floor)
|